[Event "Madrid-chT 2324"]
[Site "Madrid"]
[Date "2024.02.25"]
[Round "11.2"]
[White "Hidalgo Duque, Carlos"]
[Black "Elias Reyes, Jorge Roberto"]
[Result "0-1"]
[WhiteElo "2279"]
[BlackElo "2468"]
[PlyCount "90"]
[EventDate "2023.11.19"]
[EventType "team-tourn"]
[EventRounds "14"]
[EventCountry "ESP"]
[SourceTitle "AjedrezenMadrid"]
[Source "lmi"]
[SourceDate "2023.11.19"]
[SourceVersion "1"]
[SourceVersionDate "2024.03.19"]
[SourceQuality "1"]
[WhiteTeam "Blanco y Negro"]
[BlackTeam "Tajamar"]
[WhiteTeamCountry "ESP"]
[BlackTeamCountry "ESP"]

1. Nf3 Nf6 2. c4 e6 3. g3 d5 4. d4 Bb4+ 5. Bd2 Be7 6. Bg2 O-O 7. O-O c6 8. Qc2
Nbd7 9. Rd1 b6 10. b3 Ba6 11. a4 c5 12. Na3 dxc4 13. Nxc4 Rc8 14. Nfe5 Nd5 15.
Nxd7 Qxd7 16. dxc5 Bxc5 17. Qb2 Qe7 18. e4 Nb4 19. Bc3 f6 20. Rd2 Bxc4 21. bxc4
Nc6 22. e5 Nxe5 23. Bxe5 fxe5 24. Qxe5 Rf5 25. Qe4 Rcf8 26. Raa2 Qf6 27. Qc2 h5
28. Re2 Qd4 29. Qe4 Rxf2 30. Qxd4 Rxe2 31. Rxe2 Bxd4+ 32. Kh1 e5 33. Bd5+ Kh7
34. Kg2 g5 35. h3 Kg7 36. Bf3 Kh6 37. Re4 Rc8 38. Be2 Rd8 39. Bf3 Rc8 40. Be2
Kg7 41. Kf1 Rf8+ 42. Ke1 Kh6 43. g4 h4 44. Bd1 Kg7 45. Re2 Bc3+ 0-1

[Event "Madrid-chT 2324"]
[Site "Madrid"]
[Date "2024.02.25"]
[Round "11.3"]
[White "Centron Antuna, Daniel"]
[Black "Renteria Becerra, Jorge Elicer"]
[Result "1-0"]
[WhiteElo "2212"]
[BlackElo "2211"]
[PlyCount "69"]
[EventDate "2023.11.19"]
[EventType "team-tourn"]
[EventRounds "14"]
[EventCountry "ESP"]
[SourceTitle "AjedrezenMadrid"]
[Source "lmi"]
[SourceDate "2023.11.19"]
[SourceVersion "1"]
[SourceVersionDate "2024.03.19"]
[SourceQuality "1"]
[WhiteTeam "Tajamar"]
[BlackTeam "Blanco y Negro"]
[WhiteTeamCountry "ESP"]
[BlackTeamCountry "ESP"]

1. e4 c5 2. c3 Nf6 3. e5 Nd5 4. Nf3 d6 5. exd6 e6 6. g3 Bxd6 7. Bg2 O-O 8. O-O
Bd7 9. d4 cxd4 10. Nxd4 Nc6 11. c4 Nb6 12. Nxc6 Bxc6 13. Bxc6 bxc6 14. Qe2 Be7
15. Rd1 Qc8 16. Nc3 Rd8 17. Bf4 Qa6 18. b3 Bf6 19. Be5 Bxe5 20. Qxe5 Qa3 21.
Kg2 h6 22. Rd4 Rxd4 23. Qxd4 Qb4 24. Ne4 Qe7 25. Rd1 e5 26. Qd6 Qe8 27. a4 a5
28. Qc7 f5 29. Nc5 Qh5 30. Ne6 Qg6 31. Rd8+ Rxd8 32. Qxd8+ Kf7 33. Nc5 Qh5 34.
Qxb6 e4 35. Qc7+ 1-0

[Event "Madrid-chT 2324"]
[Site "Madrid"]
[Date "2024.02.25"]
[Round "11.4"]
[White "Alarcia Astiz, Carlos"]
[Black "Mkrtchyan, Levon"]
[Result "0-1"]
[WhiteElo "2241"]
[BlackElo "2255"]
[PlyCount "168"]
[EventDate "2023.11.19"]
[EventType "team-tourn"]
[EventRounds "14"]
[EventCountry "ESP"]
[SourceTitle "AjedrezenMadrid"]
[Source "lmi"]
[SourceDate "2023.11.19"]
[SourceVersion "1"]
[SourceVersionDate "2024.03.19"]
[SourceQuality "1"]
[WhiteTeam "Blanco y Negro"]
[BlackTeam "Tajamar"]
[WhiteTeamCountry "ESP"]
[BlackTeamCountry "ESP"]

1. e4 e6 2. d3 d5 3. Nd2 Nf6 4. g3 dxe4 5. dxe4 e5 6. Ngf3 Bd6 7. Bg2 O-O 8.
O-O Nc6 9. c3 Qe7 10. Re1 a5 11. a4 Be6 12. h3 Nd7 13. Nh4 g6 14. Nf1 Rfd8 15.
Bh6 f6 16. Ne3 Qf7 17. f4 Bb3 18. Qg4 Kh8 19. f5 g5 20. Nf3 Bf8 21. Bxf8 h5 22.
Nxg5 fxg5 23. Qxg5 Rxf8 24. Ra3 Nc5 25. Bf3 Rg8 26. Qh4 Qh7 27. Kh2 Bf7 28. Nd5
Qh6 29. Raa1 Qg5 30. Qxg5 Rxg5 31. h4 Rgg8 32. Nxc7 Rad8 33. Nd5 Rd6 34. b4
axb4 35. cxb4 Nxe4 36. Bxe4 Bxd5 37. b5 Bxe4 38. Rxe4 Rd2+ 39. Kh3 Nd4 40. Rf1
Rd3 41. Rg1 Kg7 42. a5 Kf6 43. a6 bxa6 44. bxa6 Nxf5 45. Ra4 Rgxg3+ 46. Rxg3
Rxg3+ 47. Kh2 Rg8 48. a7 Ra8 49. Ra6+ Ke7 50. Kh3 Nd6 51. Kg3 Nc8 52. Rh6 Rxa7
53. Rxh5 Kf6 54. Rh8 Ne7 55. Rf8+ Kg7 56. Rf1 Kg6 57. Kf3 Ra4 58. Rh1 Rf4+ 59.
Ke2 Kh5 60. Rg1 Rxh4 61. Rg7 Ng6 62. Ke3 Kg5 63. Rf7 Rf4 64. Ra7 Kf6 65. Ra6+
Kf5 66. Ra7 Rh4 67. Rf7+ Ke6 68. Rg7 Ne7 69. Rg1 Nd5+ 70. Ke2 Rh3 71. Ra1 Kf5
72. Ra5 Nf4+ 73. Kf2 Rd3 74. Rb5 Rd5 75. Rb3 Rd2+ 76. Ke1 Ra2 77. Rb5 Ke4 78.
Rb4+ Ke3 79. Rb3+ Nd3+ 80. Kf1 e4 81. Rb8 Kd2 82. Rh8 Ra1+ 83. Kg2 e3 84. Rh2
e2 0-1

[Event "Madrid-chT 2324"]
[Site "Madrid"]
[Date "2024.02.25"]
[Round "11.5"]
[White "Rodriguez Avila, Alvaro"]
[Black "Zhou, Lulu"]
[Result "0-1"]
[WhiteElo "2186"]
[BlackElo "2113"]
[PlyCount "210"]
[EventDate "2023.11.19"]
[EventType "team-tourn"]
[EventRounds "14"]
[EventCountry "ESP"]
[SourceTitle "AjedrezenMadrid"]
[Source "lmi"]
[SourceDate "2023.11.19"]
[SourceVersion "1"]
[SourceVersionDate "2024.03.19"]
[SourceQuality "1"]
[WhiteTeam "Tajamar"]
[BlackTeam "Blanco y Negro"]
[WhiteTeamCountry "ESP"]
[BlackTeamCountry "ESP"]

1. e4 e5 2. Nf3 Nc6 3. Bb5 a6 4. Ba4 Nf6 5. O-O Be7 6. Re1 b5 7. Bb3 O-O 8. a4
b4 9. d4 d6 10. h3 Nxd4 11. Nxd4 exd4 12. Qxd4 a5 13. Bg5 h6 14. Bh4 Bb7 15.
Nd2 Re8 16. Re3 Nd7 17. Bxe7 Qxe7 18. Rae1 c5 19. Qd3 Ne5 20. Qe2 Ba6 21. Qd1
c4 22. Ba2 Rac8 23. Nf1 Ng6 24. Ng3 Red8 25. Nf5 Qe5 26. Qc1 d5 27. c3 dxe4 28.
Nd4 Bb7 29. Bb1 f5 30. Rg3 Qf6 31. f3 f4 32. Rg4 h5 33. Rxg6 Qxg6 34. Qxf4 Rf8
35. Qe3 Rce8 36. fxe4 Re7 37. Qe2 Qf7 38. e5 g6 39. e6 Qf6 40. Be4 Bxe4 41.
Qxe4 Qf2+ 42. Kh2 Qf4+ 43. Qxf4 Rxf4 44. Nc6 Re8 45. cxb4 axb4 46. Nxb4 Rf2 47.
Nd5 Rf5 48. Nb6 Rf6 49. Nxc4 Rfxe6 50. Rc1 Rc8 51. a5 Ra6 52. b3 Rxa5 53. Re1
Ra6 54. Re7 Rb8 55. Re3 Kg7 56. h4 Ra7 57. Rd3 Rab7 58. Nd2 Rf8 59. Kg3 Rff7
60. Nc4 Rb4 61. Kh3 Rfb7 62. Nd2 Kf6 63. g3 Kf7 64. Kg2 Ra7 65. Nc4 Kg7 66. Kh3
Rb5 67. Rd6 Re7 68. Rd3 Kh7 69. Kg2 Rf5 70. Ne3 Rfe5 71. Kf3 Rb7 72. Nd5 Rf7+
73. Nf4 Rb5 74. Kg2 Rfb7 75. Ne6 Rxb3 76. Rd6 Rb2+ 77. Kh3 R2b6 78. Ng5+ Kg7
79. Rd2 Re7 80. Kh2 Rb3 81. Rf2 Kg8 82. Nh3 Reb7 83. Rf6 Rb2+ 84. Nf2 Kg7 85.
Rf4 Rf7 86. Rxf7+ Kxf7 87. Kg2 Ke6 88. Kf3 Kf5 89. Nh3 Rb3+ 90. Kg2 Ra3 91. Nf2
Ke5 92. Nh3 Ke4 93. Nf4 Ra2+ 94. Kh3 Kf5 95. Ng2 Re2 96. Nf4 Rf2 97. Nd3 Rf3
98. Nb4 Ke4 99. Nc6 Rf7 100. Nd8 Re7 101. Nc6 Re8 102. Na5 Rc8 103. Nb3 Ke3
104. Kh2 Rc3 105. Na5 Kf2 0-1

[Event "Madrid-chT 2324"]
[Site "Madrid"]
[Date "2024.02.25"]
[Round "11.6"]
[White "Xia, Zhe"]
[Black "Rodriguez Lopez, David"]
[Result "0-1"]
[WhiteElo "1472"]
[BlackElo "2176"]
[PlyCount "48"]
[EventDate "2023.11.19"]
[EventType "team-tourn"]
[EventRounds "14"]
[EventCountry "ESP"]
[SourceTitle "AjedrezenMadrid"]
[Source "lmi"]
[SourceDate "2023.11.19"]
[SourceVersion "1"]
[SourceVersionDate "2024.03.19"]
[SourceQuality "1"]
[WhiteTeam "Blanco y Negro"]
[BlackTeam "Tajamar"]
[WhiteTeamCountry "ESP"]
[BlackTeamCountry "ESP"]

1. d4 d5 2. c4 e6 3. Nc3 h6 4. Nf3 Nf6 5. Bf4 Bd6 6. Bg3 Bxg3 7. hxg3 O-O 8. e3
Nbd7 9. b4 Re8 10. c5 e5 11. Be2 c6 12. O-O exd4 13. Nxd4 Qc7 14. Rc1 Ne5 15.
Qb3 Bg4 16. a4 Bxe2 17. Ncxe2 Ne4 18. Rfd1 Nc4 19. Rxc4 dxc4 20. Qxc4 Rad8 21.
Rd3 a5 22. Nf4 Qe5 23. Nf3 Qa1+ 24. Kh2 Nxf2 0-1

[Event "Madrid-chT 2324"]
[Site "Madrid"]
[Date "2024.03.02"]
[Round "12.1"]
[White "Taboas Rodriguez, Daniel"]
[Black "Alonso Garcia, Aaron"]
[Result "0-1"]
[WhiteElo "2356"]
[BlackElo "2453"]
[PlyCount "90"]
[EventDate "2023.11.19"]
[EventType "team-tourn"]
[EventRounds "14"]
[EventCountry "ESP"]
[SourceTitle "AjedrezenMadrid"]
[Source "lmi"]
[SourceDate "2023.11.19"]
[SourceVersion "1"]
[SourceVersionDate "2024.03.19"]
[SourceQuality "1"]
[WhiteTeam "Blanco y Negro"]
[BlackTeam "Villalba 64"]
[WhiteTeamCountry "ESP"]
[BlackTeamCountry "ESP"]

1. d4 Nf6 2. Nf3 e6 3. c4 b6 4. Nc3 Bb7 5. a3 d5 6. Bg5 dxc4 7. e3 h6 8. Bh4 a6
9. Bxc4 b5 10. Ba2 c5 11. dxc5 Qxd1+ 12. Rxd1 Bxc5 13. O-O Nbd7 14. Rd2 Be7 15.
Rfd1 Rc8 16. e4 g5 17. Bg3 Nc5 18. e5 Nfe4 19. Nxe4 Nxe4 20. Re2 Bc5 21. Bb1
Nxg3 22. hxg3 Ke7 23. Be4 Bxe4 24. Rxe4 Rhd8 25. Rxd8 Rxd8 26. Kf1 Rd3 27. g4
Kd7 28. Re2 Rd1+ 29. Re1 Rxe1+ 30. Nxe1 Kc6 31. Nd3 Kd5 32. Ke2 Bd4 33. b3 a5
34. Ne1 a4 35. bxa4 bxa4 36. Nc2 Kc4 37. Nxd4 Kxd4 38. Kd2 Kxe5 39. Kc3 f5 40.
f3 fxg4 41. fxg4 Kf4 42. Kb4 e5 43. Kxa4 e4 44. Kb3 e3 45. Kc2 Kg3 0-1

[Event "Madrid-chT 2324"]
[Site "Madrid"]
[Date "2024.03.02"]
[Round "12.2"]
[White "Trost, Edvin"]
[Black "Martinez Reyes, Pedro Ramon"]
[Result "1-0"]
[WhiteElo "2432"]
[BlackElo "2332"]
[PlyCount "57"]
[EventDate "2023.11.19"]
[EventType "team-tourn"]
[EventRounds "14"]
[EventCountry "ESP"]
[SourceTitle "AjedrezenMadrid"]
[Source "lmi"]
[SourceDate "2023.11.19"]
[SourceVersion "1"]
[SourceVersionDate "2024.03.19"]
[SourceQuality "1"]
[WhiteTeam "Villalba 64"]
[BlackTeam "Blanco y Negro"]
[WhiteTeamCountry "ESP"]
[BlackTeamCountry "ESP"]

1. d4 d5 2. c4 c6 3. cxd5 cxd5 4. Bg5 f6 5. Bd2 Nc6 6. Nc3 e5 7. e4 Nxd4 8.
Nge2 Bg4 9. f3 Nxf3+ 10. gxf3 Bxf3 11. Qa4+ Qd7 12. Qxd7+ Kxd7 13. Bh3+ Kd8 14.
Rf1 Bxe2 15. Kxe2 d4 16. Nd5 Ne7 17. Nxe7 Bxe7 18. Rac1 Bd6 19. Rc4 Re8 20.
Rfc1 Ke7 21. Kd3 Kf7 22. Rc8 Raxc8 23. Rxc8 Rxc8 24. Bxc8 b6 25. Kc4 Ke7 26.
Kd5 Kd8 27. Bf5 Kc7 28. Bxh7 a5 29. Bf5 1-0

[Event "Madrid-chT 2324"]
[Site "Madrid"]
[Date "2024.03.02"]
[Round "12.3"]
[White "Hidalgo Duque, Carlos"]
[Black "Garrido Dominguez, Jesus"]
[Result "0-1"]
[WhiteElo "2265"]
[BlackElo "2401"]
[PlyCount "141"]
[EventDate "2023.11.19"]
[EventType "team-tourn"]
[EventRounds "14"]
[EventCountry "ESP"]
[SourceTitle "AjedrezenMadrid"]
[Source "lmi"]
[SourceDate "2023.11.19"]
[SourceVersion "1"]
[SourceVersionDate "2024.03.19"]
[SourceQuality "1"]
[WhiteTeam "Blanco y Negro"]
[BlackTeam "Villalba 64"]
[WhiteTeamCountry "ESP"]
[BlackTeamCountry "ESP"]

1. Nf3 Nc6 2. d4 d5 3. c4 e6 4. Nc3 Nf6 5. Bg5 Be7 6. e3 O-O 7. Rc1 a6 8. cxd5
exd5 9. Bd3 Be6 10. O-O h6 11. Bh4 Nb8 12. Qb3 b5 13. Qc2 Nbd7 14. Rfd1 Rc8 15.
Ne2 c6 16. Qb1 Nh5 17. Bxe7 Qxe7 18. Ng3 Nxg3 19. hxg3 Qd6 20. Nh4 Rc7 21. Bh7+
Kh8 22. Bf5 Rfc8 23. Rd2 Nf6 24. Qd3 c5 25. dxc5 Rxc5 26. Rcd1 Bxf5 27. Qxf5 g6
28. Qd3 Kg7 29. Nf3 Rc1 30. Qd4 R1c4 31. Qd3 Qc5 32. Nd4 Rc1 33. Nb3 Rxd1+ 34.
Rxd1 Qc2 35. Qxc2 Rxc2 36. Rd2 Rc8 37. f3 Kf8 38. Kf2 Ke7 39. g4 Rc7 40. Ke2
Rc4 41. Nd4 Nd7 42. b3 Rc1 43. Rc2 Rxc2+ 44. Nxc2 Kd6 45. b4 Nf8 46. Nd4 Ne6
47. Kd3 Nd8 48. Kc3 Ne6 49. Nb3 Kc6 50. Nd4+ Kd6 51. f4 Nf8 52. Nb3 Ne6 53. Nd4
Nf8 54. Kd3 Nd7 55. Nb3 Nf6 56. Nc5 Nxg4 57. Nxa6 Nf2+ 58. Kd4 f6 59. Nc5 Ng4
60. Nb3 h5 61. Kd3 Kc6 62. Nd4+ Kb6 63. Ne6 Kc6 64. Nf8 g5 65. Ne6 Nf2+ 66. Kd4
g4 67. Kc3 h4 68. Nd4+ Kb6 69. Nf5 h3 70. gxh3 gxh3 71. Kd2 0-1

[Event "Madrid-chT 2324"]
[Site "Madrid"]
[Date "2024.03.02"]
[Round "12.4"]
[White "Aranda Marin, Cristian"]
[Black "Alarcia Astiz, Carlos"]
[Result "1/2-1/2"]
[WhiteElo "2353"]
[BlackElo "2236"]
[PlyCount "82"]
[EventDate "2023.11.19"]
[EventType "team-tourn"]
[EventRounds "14"]
[EventCountry "ESP"]
[SourceTitle "AjedrezenMadrid"]
[Source "lmi"]
[SourceDate "2023.11.19"]
[SourceVersion "1"]
[SourceVersionDate "2024.03.19"]
[SourceQuality "1"]
[WhiteTeam "Villalba 64"]
[BlackTeam "Blanco y Negro"]
[WhiteTeamCountry "ESP"]
[BlackTeamCountry "ESP"]

1. Nf3 Nf6 2. g3 b6 3. Bg2 Bb7 4. O-O g6 5. d4 Bg7 6. c4 O-O 7. Qc2 e6 8. Nc3
d5 9. cxd5 Nxd5 10. Bg5 Qc8 11. Nxd5 Bxd5 12. Rac1 Na6 13. Qd2 Qb7 14. b4 Rac8
15. Bh6 Nb8 16. Rc2 Nd7 17. Rfc1 Nf6 18. Bxg7 Kxg7 19. Qf4 Ne8 20. Qe5+ f6 21.
Qe3 Nd6 22. Ne1 Rfe8 23. a4 a6 24. f3 b5 25. axb5 axb5 26. Qc3 Bc4 27. Nd3 Bxd3
28. Qxd3 Nc4 29. f4 c6 30. Ra2 Ra8 31. Rca1 Rxa2 32. Rxa2 Ra8 33. Rxa8 Qxa8 34.
Qc3 Kf7 35. h4 Ke7 36. Kh2 h5 37. Be4 f5 38. Bc2 Kd7 39. Qf3 Nd2 40. Qc3 Nc4
41. Qf3 Nd2 1/2-1/2

[Event "Madrid-chT 2324"]
[Site "Madrid"]
[Date "2024.03.02"]
[Round "12.5"]
[White "Zhou, Lulu"]
[Black "Garcia Luengo, Leandro"]
[Result "1-0"]
[WhiteElo "2122"]
[BlackElo "2278"]
[PlyCount "71"]
[EventDate "2023.11.19"]
[EventType "team-tourn"]
[EventRounds "14"]
[EventCountry "ESP"]
[SourceTitle "AjedrezenMadrid"]
[Source "lmi"]
[SourceDate "2023.11.19"]
[SourceVersion "1"]
[SourceVersionDate "2024.03.19"]
[SourceQuality "1"]
[WhiteTeam "Blanco y Negro"]
[BlackTeam "Villalba 64"]
[WhiteTeamCountry "ESP"]
[BlackTeamCountry "ESP"]

1. e4 c5 2. Nf3 Nc6 3. d4 cxd4 4. Nxd4 g6 5. c4 Bg7 6. Be3 Nf6 7. Nc3 b6 8. Be2
Bb7 9. f3 O-O 10. Qd2 Qb8 11. g4 Rd8 12. O-O-O Ne8 13. h4 Nxd4 14. Bxd4 Bxd4
15. Qxd4 Qf4+ 16. Kb1 e5 17. Qf2 d6 18. Bd3 Qf6 19. g5 Qe7 20. f4 exf4 21. Qxf4
Ng7 22. Rde1 Ne6 23. Qf2 Nc5 24. Bc2 Nd7 25. b3 Ne5 26. Rh3 h5 27. gxh6 Kh8 28.
Rf1 Rf8 29. Qd4 Rad8 30. Nd5 Bxd5 31. exd5 Rd7 32. Rhf3 f5 33. h5 Qf6 34. Rg3
Rg8 35. hxg6 Rxg6 36. Rxf5 1-0

[Event "Madrid-chT 2324"]
[Site "Madrid"]
[Date "2024.03.02"]
[Round "12.6"]
[White "Amador Garcia, Ismael"]
[Black "Herranz Sanchez, Pablo"]
[Result "1-0"]
[WhiteElo "2223"]
[BlackElo "2107"]
[PlyCount "49"]
[EventDate "2023.11.19"]
[EventType "team-tourn"]
[EventRounds "14"]
[EventCountry "ESP"]
[SourceTitle "AjedrezenMadrid"]
[Source "lmi"]
[SourceDate "2023.11.19"]
[SourceVersion "1"]
[SourceVersionDate "2024.03.19"]
[SourceQuality "1"]
[WhiteTeam "Villalba 64"]
[BlackTeam "Blanco y Negro"]
[WhiteTeamCountry "ESP"]
[BlackTeamCountry "ESP"]

1. e4 c5 2. Nf3 e6 3. d4 cxd4 4. Nxd4 Nf6 5. Nc3 Nc6 6. Nxc6 bxc6 7. e5 Nd5 8.
Ne4 Qc7 9. f4 Qb6 10. c4 Ne3 11. Qd3 Qb4+ 12. Bd2 Qxb2 13. Rc1 Nxf1 14. Rxf1
Ba6 15. Kf2 c5 16. Rc3 Be7 17. Kg1 O-O 18. f5 exf5 19. Ng3 g6 20. Nxf5 gxf5 21.
Rxf5 Qb6 22. Qh3 f6 23. e6 dxe6 24. Rg3+ Kh8 25. Qxh7+ 1-0

[Event "Madrid-chT 2324"]
[Site "Madrid"]
[Date "2024.03.03"]
[Round "12.1"]
[White "Moreno Ruiz, Javier"]
[Black "Plazuelo Pascual, Juan"]
[Result "1/2-1/2"]
[WhiteElo "2406"]
[BlackElo "2439"]
[PlyCount "38"]
[EventDate "2023.11.19"]
[EventType "team-tourn"]
[EventRounds "14"]
[EventCountry "ESP"]
[SourceTitle "AjedrezenMadrid"]
[Source "lmi"]
[SourceDate "2023.11.19"]
[SourceVersion "1"]
[SourceVersionDate "2024.03.19"]
[SourceQuality "1"]
[WhiteTeam "Mostoles"]
[BlackTeam "Alcorcon Diagonal"]
[WhiteTeamCountry "ESP"]
[BlackTeamCountry "ESP"]

1. c4 e6 2. g3 d5 3. Bg2 Nf6 4. Nf3 dxc4 5. O-O a6 6. b3 cxb3 7. axb3 Be7 8.
Bb2 O-O 9. Na3 Nc6 10. d4 Rb8 11. Nc4 Bd7 12. Qb1 Nb4 13. Nfe5 h6 14. Rd1 Qe8
15. e4 Bb5 16. Bc3 Nd7 17. Nf3 Nf6 18. Nfe5 Nd7 19. Nf3 Nf6 1/2-1/2

[Event "Madrid-chT 2324"]
[Site "Madrid"]
[Date "2024.03.03"]
[Round "12.2"]
[White "Sanz Wawer, Daniel"]
[Black "Valles Moreno, Ivan"]
[Result "1-0"]
[WhiteElo "2397"]
[BlackElo "2340"]
[PlyCount "101"]
[EventDate "2023.11.19"]
[EventType "team-tourn"]
[EventRounds "14"]
[EventCountry "ESP"]
[SourceTitle "AjedrezenMadrid"]
[Source "lmi"]
[SourceDate "2023.11.19"]
[SourceVersion "1"]
[SourceVersionDate "2024.03.19"]
[SourceQuality "1"]
[WhiteTeam "Alcorcon Diagonal"]
[BlackTeam "Mostoles"]
[WhiteTeamCountry "ESP"]
[BlackTeamCountry "ESP"]

1. d4 d6 2. e4 Nf6 3. f3 c5 4. d5 g6 5. c4 Bg7 6. Nc3 e6 7. Nge2 exd5 8. cxd5
Nbd7 9. Ng3 h5 10. Be2 h4 11. Nf1 Nh7 12. Ne3 O-O 13. O-O a6 14. a4 f5 15. exf5
gxf5 16. f4 Bd4 17. Kh1 Ndf6 18. Bd3 Bxe3 19. Bxe3 b6 20. Qf3 Ra7 21. Rae1 Rg7
22. Re2 Rg4 23. Nd1 Qd7 24. Bd2 Ne4 25. Bxe4 fxe4 26. Qxe4 Qf5 27. Qxf5 Bxf5
28. Re7 Rg7 29. Rfe1 Bc2 30. Nc3 Nf6 31. Rxg7+ Kxg7 32. Re6 Nh5 33. Rxd6 Nxf4
34. g3 Ng6 35. gxh4 Rf2 36. Be3 Rf3 37. Bg5 b5 38. axb5 axb5 39. Nxb5 Nf4 40.
Bxf4 Rxf4 41. Kg2 Rb4 42. Nc7 Rxb2 43. Ne6+ Kf6 44. Nxc5+ Ke5 45. Rd8 Kf4 46.
Ne6+ Ke5 47. Kg3 Bf5 48. Ng5 Rb7 49. Nf3+ Ke4 50. Re8+ Kd3 51. Kf4 1-0

[Event "Madrid-chT 2324"]
[Site "Madrid"]
[Date "2024.03.03"]
[Round "12.3"]
[White "Moreno Ibanez, Miguel"]
[Black "Rey Martinez, Jaime"]
[Result "0-1"]
[WhiteElo "2178"]
[BlackElo "2312"]
[PlyCount "44"]
[EventDate "2023.11.19"]
[EventType "team-tourn"]
[EventRounds "14"]
[EventCountry "ESP"]
[SourceTitle "AjedrezenMadrid"]
[Source "lmi"]
[SourceDate "2023.11.19"]
[SourceVersion "1"]
[SourceVersionDate "2024.03.19"]
[SourceQuality "1"]
[WhiteTeam "Mostoles"]
[BlackTeam "Alcorcon Diagonal"]
[WhiteTeamCountry "ESP"]
[BlackTeamCountry "ESP"]

1. c4 e5 2. Nc3 Bb4 3. Nd5 Be7 4. d4 d6 5. e4 Nf6 6. Nxe7 Qxe7 7. f3 Nh5 8. Be3
O-O 9. d5 a5 10. Ne2 f5 11. Nc3 f4 12. Bf2 Na6 13. Bd3 Nc5 14. Bc2 Bd7 15. b3
Rf7 16. a3 Raf8 17. Qe2 Na6 18. O-O g5 19. Rfb1 g4 20. Kh1 g3 21. Be1 Qh4 22.
h3 Bxh3 0-1

[Event "Madrid-chT 2324"]
[Site "Madrid"]
[Date "2024.03.03"]
[Round "12.4"]
[White "Lozano Ramirez, Nestor Favian"]
[Black "Calvo Gonzalez, Jose Felix"]
[Result "1/2-1/2"]
[WhiteElo "2211"]
[BlackElo "2113"]
[PlyCount "107"]
[EventDate "2023.11.19"]
[EventType "team-tourn"]
[EventRounds "14"]
[EventCountry "ESP"]
[SourceTitle "AjedrezenMadrid"]
[Source "lmi"]
[SourceDate "2023.11.19"]
[SourceVersion "1"]
[SourceVersionDate "2024.03.19"]
[SourceQuality "1"]
[WhiteTeam "Alcorcon Diagonal"]
[BlackTeam "Mostoles"]
[WhiteTeamCountry "ESP"]
[BlackTeamCountry "ESP"]

1. g3 Nf6 2. Bg2 d5 3. c4 e6 4. Nf3 Be7 5. O-O O-O 6. b3 c5 7. Bb2 d4 8. b4 Re8
9. d3 a5 10. b5 Bf8 11. e4 e5 12. h3 g6 13. Bc1 h6 14. Nh2 Bg7 15. f4 Nbd7 16.
f5 gxf5 17. Rxf5 Nf8 18. Rf2 Be6 19. Nd2 Ng6 20. h4 b6 21. Ndf1 Ra7 22. Bd2 Qc8
23. Bxh6 Bxh6 24. Rxf6 Kg7 25. Rf2 Rf8 26. h5 Nh8 27. Bf3 f6 28. Bg4 Nf7 29.
Bxe6 Qxe6 30. Qg4+ Qxg4 31. Nxg4 Bg5 32. Nfh2 Nh6 33. Raf1 Rh8 34. Kg2 Ng8 35.
Nf3 Be3 36. Nxe3 dxe3 37. Re2 Rxh5 38. Rxe3 Rd7 39. Nh4 Nh6 40. Ref3 Rd6 41.
Rh1 Rg5 42. Kf2 Kg8 43. Ke2 Rh5 44. g4 Rg5 45. Nf5 Nxf5 46. gxf5 Rg2+ 47. Ke3
Rd7 48. Rfh3 Rdg7 49. R1h2 Rxh2 50. Rxh2 Rg3+ 51. Ke2 Kg7 52. Kd2 Kg8 53. Ke2
Kg7 54. Kd2 1/2-1/2

[Event "Madrid-chT 2324"]
[Site "Madrid"]
[Date "2024.03.03"]
[Round "12.5"]
[White "Medina Riesgo, Pedro"]
[Black "Esquivias Quintero, Luis Manuel"]
[Result "1/2-1/2"]
[WhiteElo "2176"]
[BlackElo "2254"]
[PlyCount "74"]
[EventDate "2023.11.19"]
[EventType "team-tourn"]
[EventRounds "14"]
[EventCountry "ESP"]
[SourceTitle "AjedrezenMadrid"]
[Source "lmi"]
[SourceDate "2023.11.19"]
[SourceVersion "1"]
[SourceVersionDate "2024.03.19"]
[SourceQuality "1"]
[WhiteTeam "Mostoles"]
[BlackTeam "Alcorcon Diagonal"]
[WhiteTeamCountry "ESP"]
[BlackTeamCountry "ESP"]

1. e4 c5 2. Nc3 Nc6 3. Bb5 Nd4 4. Bc4 e6 5. Nge2 a6 6. d3 b5 7. Bb3 Nxb3 8.
axb3 Bb7 9. O-O Ne7 10. Ng3 Qc7 11. Qe2 d5 12. exd5 Nxd5 13. Nxd5 Bxd5 14. c4
Bb7 15. Be3 Qc6 16. f3 Be7 17. d4 cxd4 18. Bxd4 O-O 19. Nf5 exf5 20. Qxe7 bxc4
21. bxc4 Rfe8 22. Qc5 Qg6 23. Qb6 Qxb6 24. Bxb6 Rac8 25. Rfe1 f6 26. Rxe8+ Rxe8
27. Kf2 Rc8 28. b3 Kf7 29. Re1 f4 30. Rd1 Ke6 31. Rd4 g5 32. Ba5 Rb8 33. Bc7
Rc8 34. Bb6 Rc6 35. Ba5 Rd6 36. Rxd6+ Kxd6 37. Bc3 Ke6 1/2-1/2

[Event "Madrid-chT 2324"]
[Site "Madrid"]
[Date "2024.03.03"]
[Round "12.6"]
[White "Horcajuelo Rocamora, Martin"]
[Black "Guillo Longares, Cecilia"]
[Result "1-0"]
[WhiteElo "2183"]
[BlackElo "2096"]
[PlyCount "85"]
[EventDate "2023.11.19"]
[EventType "team-tourn"]
[EventRounds "14"]
[EventCountry "ESP"]
[SourceTitle "AjedrezenMadrid"]
[Source "lmi"]
[SourceDate "2023.11.19"]
[SourceVersion "1"]
[SourceVersionDate "2024.03.19"]
[SourceQuality "1"]
[WhiteTeam "Alcorcon Diagonal"]
[BlackTeam "Mostoles"]
[WhiteTeamCountry "ESP"]
[BlackTeamCountry "ESP"]

1. d4 Nf6 2. c4 g6 3. Nc3 d5 4. Nf3 Bg7 5. Qb3 dxc4 6. Qxc4 O-O 7. e4 b6 8. e5
Be6 9. exf6 Bxc4 10. fxg7 Kxg7 11. Bxc4 Nc6 12. Be3 Nb4 13. Rc1 c6 14. O-O b5
15. Be2 Rb8 16. Rfd1 f6 17. Nd2 h5 18. Nb3 Kf7 19. Bf3 Nd5 20. Nxd5 cxd5 21.
Rc5 e6 22. Rdc1 Re8 23. Bd2 b4 24. Na5 Rb6 25. Nc6 Qd6 26. Nxb4 Kg7 27. Nd3 Re7
28. Bf4 Qd7 29. Rc7 Qe8 30. Rxe7+ Qxe7 31. Rc7 Qxc7 32. Bxc7 Rc6 33. Ba5 e5 34.
dxe5 fxe5 35. Bc3 Rxc3 36. bxc3 e4 37. Nb4 exf3 38. gxf3 Kf6 39. Nxd5+ Ke6 40.
Ne3 Ke5 41. Kf1 Kf4 42. Ke2 a5 43. a4 1-0

[Event "Madrid-chT 2324"]
[Site "Madrid"]
[Date "2024.03.03"]
[Round "12.1"]
[White "Fernandez Blazquez, Diego"]
[Black "Albornoz Cabrera, Carlos Daniel"]
[Result "0-1"]
[WhiteElo "2231"]
[BlackElo "2603"]
[PlyCount "80"]
[EventDate "2023.11.19"]
[EventType "team-tourn"]
[EventRounds "14"]
[EventCountry "ESP"]
[SourceTitle "AjedrezenMadrid"]
[Source "lmi"]
[SourceDate "2023.11.19"]
[SourceVersion "1"]
[SourceVersionDate "2024.03.19"]
[SourceQuality "1"]
[WhiteTeam "San Fernando de Henares"]
[BlackTeam "Tajamar"]
[WhiteTeamCountry "ESP"]
[BlackTeamCountry "ESP"]

1. Nf3 d5 2. c4 e6 3. g3 d4 4. Bg2 Nc6 5. O-O Nh6 6. d3 Nf5 7. Na3 Bc5 8. Nc2
O-O 9. a3 a5 10. b3 e5 11. Bd2 Re8 12. b4 Bf8 13. b5 Nb8 14. Ng5 h6 15. Ne4 Nd7
16. e3 Nb6 17. exd4 exd4 18. Re1 Be6 19. f4 Na4 20. Kh1 c6 21. Rb1 Bd7 22. Nxd4
Nxd4 23. Qxa4 Bg4 24. bxc6 bxc6 25. Bc3 Re6 26. Nf2 Rxe1+ 27. Rxe1 Be6 28. Ne4
Qd7 29. Rb1 Bf5 30. Be1 h5 31. c5 Nb5 32. Nf2 Bxc5 33. Rc1 Re8 34. Qxa5 Bxf2
35. Bxf2 Qxd3 36. Qb4 Re2 37. Rf1 Be4 38. Bxe4 Rxe4 39. Qb1 Qf3+ 40. Kg1 Nc3
0-1